PREVENTING PREJUDICE : A GUIDE FOR COUNSETORS (Record no. 10407)

MARC details
000 -LEADER
fixed length control field 00317nam a22001337a 4500
003 - CONTROL NUMBER IDENTIFIER
control field SGT
082 ## - DEWEY DECIMAL CLASSIFICATION NUMBER
Classification number 606.89
Item number P06P
100 ## - MAIN ENTRY--PERSONAL NAME
Personal name PONTEROTTO, JOSEPH, G.
245 ## - TITLE STATEMENT
Title PREVENTING PREJUDICE : A GUIDE FOR COUNSETORS
260 ## - PUBLICATION, DISTRIBUTION, ETC. (IMPRINT)
Place of publication, distribution, etc THOUSAND OAKS
Name of publisher, distributor, etc SAGE
Year of Publication 2006
300 ## - PAGE DESCRIPTION
No. of Pages 358
650 ## - SUBJECT ADDED ENTRY--TOPICAL TERM
Topical term or geographic name as entry element PSYCHOLOGY
942 ## - ADDED ENTRY ELEMENTS (KOHA)
Source of classification or shelving scheme Dewey Decimal Classification
Koha item type Books
Holdings
Withdrawn status Lost status Source of classification or shelving scheme Damaged status Not for loan Collection code Home library Current library Date acquired Vendor Name SGTU Bill Number Total Checkouts Full call number Accession No. (Barcode) Date last seen Bill Date Koha item type
    Dewey Decimal Classification     MEDICAL SGT Medical Library SGT Medical Library 12/01/2017 ABC SGTU 6069   606.89 P06P FM7608 12/01/2017 11/09/2015 Books